000 03278nam a22002537a 4500
001 216223415
003 UA-OsUOA
005 20230112104506.0
008 230112b un ||||| m||| 00| 0 ukr d
040 _aUA-OsUOA
_bukr
_cUA-OsUOA
_dUA-OsUOA
041 _aukr
080 _a343.9
090 _a343.9
095 _a12.00.08
_bкримінальне право та кримінологія ; кримінально-виконавче право
100 _aНедзельська Г. В.
245 _aОсобливості кримінологічної характеристики шахрайства, що вчиняється організованою групою
_cНедзельська Галина Всеволодівна ; наук. керівник Гумін Олексій Михайлович
260 _aЛьвів
_c2022
300 _a18 с.
502 _6Автореферат дисертації на здобуття наукового ступеня кандидата юридичних наук
_cНаціональний університет "Львівська політехніка"
_d2022
520 _aУ дисертації проведено аналіз кримінологічної характеристики шахрайства, що вчиняється організованою групою, здійснено розробку науково обгрунтованих заходів, спрямованих на усунення пов’язаних із ним проблем правозастосовної практики й удосконалення правового механізму запобігання зазначеному суспільно небезпечному діянню. Проаналізовано історію розвитку поняття «шахрайство» на тлі вітчизняного та міжнародного законодавства. Розкрито зміст шахрайства, що вчиняється організованою групою, і надано характеристику його системоутворюючих ознак. Проаналізовано стан, рівень та інші кримінологічно значущі ознаки шахрайства, що вчиняється організованою групою. Запропоновано кримінологічну характеристику особи, що вчиняє шахрайство у складі організованої групи, з'ясовано причини та умови, які сприяють вчиненню шахрайства у складі організованої групи. Досліджено загальносоціальні, спеціально-кримінологічні заходи запобігання шахрайству, що вчиняється організованою групою. Роз’яснено віктимологічну профілактику шахрайства, що вчиняється організованою групою.
650 _2UDC
_a343 Кримінальне право. Карні порушення
942 _2udc
_cAR
955 _a1
999 _c573514
_d573514